| 000 | 00945cam a22003135a 4500 | ||
|---|---|---|---|
| 001 | 016015217 | ||
| 003 | OSt | ||
| 005 | 20160724114926.0 | ||
| 008 | 120119t2013 cau frd 001 0 eng d | ||
| 015 |
_aGBB206874 _2bnb |
||
| 016 | 7 |
_a016015217 _2Uk |
|
| 020 | _a9781111832971 (pbk.) | ||
| 020 | _a1111832978 (pbk.) | ||
| 040 |
_aStDuBDS _beng _cStDuBDS _dUk _dEG-ScBUE |
||
| 043 | _an-us--- | ||
| 082 | 0 | 4 |
_a342.7302 _bDUC _222 |
| 100 | 1 |
_aDucat, Craig R. _940421 |
|
| 245 | 1 | 0 |
_aConstitutional interpretation / _cCraig R. Ducat. |
| 250 | _a10th ed., International ed. | ||
| 260 |
_a[Belmont] : _bWadsworth Cengage Learning, _cc.2013. |
||
| 300 |
_a1 v. (various pagings) ; _c26 cm. |
||
| 500 | _aIncludes index. | ||
| 500 | _aIncludes glossary. | ||
| 650 | 0 |
_aConstitutional law _zUnited States. _2BUEsh |
|
| 650 | 0 |
_aConstitutional law _zUnited States _vCases. _2BUEsh |
|
| 651 | _2BUEsh | ||
| 653 |
_bLLAAWW _cJuly2016 |
||
| 942 | _2ddc | ||
| 999 |
_c22011 _d21983 |
||